[Event "Masters"]
[Site "Singapore SIN"]
[Date "2006.12.28"]
[Round "5"]
[White "Zhang Pengxiang"]
[Black "Nguyen Ngoc Truongson"]
[Result "1-0"]
[WhiteElo "2636"]
[BlackElo "2534"]
[PlyCount "83"]
[EventDate "2006.12.26"]
[Source "www.chesslib.no"]
[SourceDate "2004.05.04"]

1. e4 Nf6 2. Nc3 e5 3. f4 d6 4. Nf3 Bg4 5. h3 Bxf3 6. Qxf3 Nbd7 7. Bc4 c6 8. d3 Be7 9. O-O O-O 10. a3 b5 11. Ba2 a5 12. Ne2 b4 13. g4 exf4 14. Bxf4 bxa3 15. bxa3 d5 16. exd5 Nxd5 17. Bxd5 cxd5 18. Qxd5 Rc8 19. Ra2 Qb6+ 20. Kh1 Nc5 21. Be3 Rcd8 22. Qf3 Qe6 23. Bxc5 Bxc5 24. c4 Qb6 25. Nf4 Qb3 26. Raa1 Bd4 27. Rae1 Qxa3 28. Nd5 Qc5 29. Qe4 g6 30. Rf4 Bg7 31. Qe7 Qxe7 32. Rxe7 Ra8 33. Nb6 Rad8 34. Nd7 Rfe8 35. Rxe8+ Rxe8 36. c5 Re1+ 37. Kg2 Rc1 38. Rc4 Rxc4 39. dxc4 Bf8 40. Nf6+ Kh8 41. c6 Bd6 42. Ne8 1-0

[Event "ch-RUS Boys u20"]
[Site "St Petersburg RUS"]
[Date "2008.03.16"]
[Round "9"]
[White "Andreikin, D."]
[Black "Romanov, E."]
[Result "1-0"]
[WhiteElo "2573"]
[BlackElo "2543"]
[PlyCount "59"]
[EventDate "2008.03.08"]
[Source "www.chesslib.no"]
[SourceDate "2004.05.04"]

1. Nc3 Nf6 2. e4 e5 3. f4 d5 4. fxe5 Nxe4 5. Nf3 Be7 6. Qe2 f5 7. d3 Nc5 8. Be3 Ne6 9. d4 O-O 10. Qd2 c6 11. g3 b5 12. Ne2 Nd7 13. Nf4 Nb6 14. b3 a5 15. Bd3 a4 16. O-O Nxf4 17. gxf4 Be6 18. Kh1 axb3 19. axb3 Qc7 20. Qg2 Rxa1 21. Rxa1 Nd7 22. Bf2 Qb6 23. Qh3 c5 24. Bh4 Bxh4 25. Qxh4 c4 26. Be2 cxb3 27. cxb3 Rc8 28. Qe7 Kh8 29. Ng5 Qxd4 30. Qxg7+ 1-0

[Event "New York op"]
[Site "New York"]
[Date "2000.05.09"]
[Round "7"]
[White "David, Alberto"]
[Black "Christiansen, Larry Mark"]
[Result "1/2-1/2"]
[WhiteElo "2520"]
[BlackElo "2596"]
[PlyCount "63"]
[EventDate "2000.05.05"]
[Source "ChessBase"]
[SourceDate "2000.07.11"]

1. e4 Nf6 2. Nc3 e5 3. f4 d5 4. fxe5 Nxe4 5. Nf3 Bg4 6. d3 Nxc3 7. bxc3 Be7 8. Be2 O-O 9. O-O c5 10. Qe1 Nc6 11. Qg3 Bh5 12. Rb1 Qd7 13. h3 Rae8 14. Bf4 Bd8 15. Rf2 Re6 16. Ng5 Bxg5 17. Bxg5 Bg6 18. Bg4 Rfe8 19. Bxe6 Rxe6 20. Bf4 b6 21. Qf3 Nxe5 22. Bxe5 Rxe5 23. Re2 Rxe2 24. Qxe2 h6 25. Re1 Kh7 26. Qe8 Qc7 27. Qa8 Qf4 28. Re8 Qc1+ 29. Kh2 Qf4+ 30. Kg1 Qc1+ 31. Kh2 Qf4+ 32. Kg1 1/2-1/2

[Event "Memorial A. Kotov"]
[Site "Tula (Russia)"]
[Date "2007.07.07"]
[Round "11"]
[White "Kuzin Anton (RUS)"]
[Black "Afromeev Vladimir (RUS)"]
[Result "0-1"]
[WhiteElo "2461"]
[BlackElo "2628"]
[PlyCount "40"]
[EventDate "2007.??.??"]
[Source "www.chesslib.no"]
[SourceDate "2004.05.04"]

1. e4 e5 2. Nc3 Nf6 3. f4 d5 4. exd5 e4 5. Qe2 Bf5 6. Qb5+ Nbd7 7. Qxb7 Rb8 8. Qxa7 Bc5 9. Qa6 O-O 10. Nge2 Nb6 11. Ng3 Bd7 12. a4 Qe7 13. d6 cxd6 14. a5 Nbd5 15. Nxd5 Nxd5 16. Qc4 Nxf4 17. a6 d5 18. Qa2 Bg4 19. Be2 Bxe2 20. Nxe2 Nd3+ 0-1

[Event "Skopje ol (Men)"]
[Site "Skopje MKD"]
[Date "1972.10.04"]
[Round "8.2"]
[White "Ljubojevic, Ljubomir"]
[Black "Ciocaltea, Viktor"]
[Result "1/2-1/2"]
[WhiteElo "2550"]
[BlackElo "2470"]
[PlyCount "35"]
[EventDate "1972.09.??"]
[Source "www.chesslib.no"]
[SourceDate "2004.05.04"]

1. e4 e5 2. Nc3 Nf6 3. f4 d5 4. fxe5 Nxe4 5. Nf3 Bc5 6. d4 Bb4 7. Bd2 Bg4 8. Nxe4 dxe4 9. Bxb4 exf3 10. Qd2 Nc6 11. Bc3 Qd5 12. h3 Be6 13. gxf3 O-O-O 14. O-O-O Qxa2 15. Qe3 Ne7 16. Bd3 Nd5 17. Qe1 Kb8 18. h4 1/2-1/2

[Event "Baile Herculane zt"]
[Site "Baile Herculane"]
[Date "1982.??.??"]
[Round "16"]
[White "Inkiov, Ventzislav"]
[Black "Pinter, Jozsef"]
[Result "0-1"]
[WhiteElo "2495"]
[BlackElo "2520"]
[PlyCount "38"]
[EventDate "1982.01.??"]
[Source "ChessBase"]

1. e4 e5 2. Nc3 Nf6 3. f4 d5 4. exd5 exf4 5. d4 Bd6 6. Qe2+ Kf8 7. Qf2 Ng4 8. Qf3 Qh4+ 9. g3 fxg3 10. hxg3 Bxg3+ 11. Ke2 Nh2 12. Qe4 Bg4+ 13. Kd3 Qf6 14. Nge2 Bf5 15. Nxg3 Bxe4+ 16. Ncxe4 Qf3+ 17. Kd2 f5 18. Be2 Qg2 19. Rxh2 Qxh2 0-1

[Event "Corr"]
[Site "?"]
[Date "1998.01.05"]
[Round "?"]
[White "Stiefel Roland"]
[Black "Fademrecht Werner (GER)"]
[Result "1/2-1/2"]
[WhiteElo "2525"]
[BlackElo "2485"]
[PlyCount "31"]
[EventDate "1998.??.??"]
[Source "www.chesslib.no"]
[SourceDate "2004.05.04"]

1. Nc3 Nf6 2. e4 e5 3. f4 d5 4. fxe5 Nxe4 5. Nf3 Be7 6. d4 O-O 7. Bd3 f5 8. exf6 Bxf6 9. O-O Nc6 10. Nxe4 dxe4 11. Bxe4 Nxd4 12. c3 Nxf3+ 13. Bxf3 Qxd1 14. Rxd1 c6 15. Be3 Be6 16. Bd4 1/2-1/2

[Event "otb"]
[Site "otb"]
[Date "2007.03.12"]
[Round "3"]
[White "Popov Ivan"]
[Black "Ponkratov Pavel"]
[Result "1-0"]
[WhiteElo "2531"]
[BlackElo "2469"]
[PlyCount "61"]
[Source "www.chesslib.no"]
[SourceDate "2004.05.04"]

1. e4 e5 2. Nc3 Nf6 3. f4 d5 4. fxe5 Nxe4 5. Nf3 c5 6. Qe2 Nxc3 7. dxc3 Qb6 8. Qf2 Nc6 9. Be2 Be6 10. O-O O-O-O 11. a3 h6 12. b4 d4 13. cxd4 cxd4 14. Bb2 Bd5 15. Bxd4 Nxd4 16. Qxd4 g5 17. c4 Be6 18. c5 Qc7 19. Qe3 Bg7 20. b5 Kb8 21. b6 Qc6 22. Rac1 axb6 23. cxb6 Qa4 24. Rc7 g4 25. Qc5 Bd5 26. Rd1 Bc6 27. Nd4 Ka8 28. Rxc6 bxc6 29. b7+ Kxb7 30. Rb1+ Ka8 31. Rb4 1-0

[Event "Ch World (juniors)"]
[Site "Match FIDE World Champ., Elis"]
[Date "1996.??.??"]
[Round "2"]
[White "Kamsky, Gata"]
[Black "De Andres, I."]
[Result "0-1"]
[WhiteElo "2735"]
[BlackElo "2265"]
[PlyCount "92"]
[EventDate "1996.??.??"]
[Source "www.chesslib.no"]
[SourceDate "2004.05.04"]

1. e4 e5 2. Nc3 Nf6 3. f4 d5 4. fxe5 Nxe4 5. Nf3 Nc6 6. Qe2 Bf5 7. Qb5 Nc5 8. d4 a6 9. Qe2 Nb4 10. dxc5 Nxc2+ 11. Kd1 d4 12. Bg5 Be7 13. Bxe7 Kxe7 14. Ne4 Ne3+ 15. Ke1 Bxe4 16. Kf2 Qd5 17. Nxd4 Ng4+ 18. Qxg4 Qxd4+ 19. Kg3 Qxe5+ 20. Qf4 Qxf4+ 21. Kxf4 f5 22. Be2 Rad8 23. Bf3 Bxf3 24. Kxf3 Rd3+ 25. Ke2 Rhd8 26. Rhe1 Rd2+ 27. Kf3+ Kf6 28. Re2 Rxe2 29. Kxe2 Rd4 30. Rc1 Ke5 31. Rc3 Kd5 32. Rf3 g6 33. Rh3 h5 34. Rb3 Kc6 35. Kf3 g5 36. Re3 g4+ 37. Kf2 Kxc5 38. Re7 Kd6 39. Rh7 Rd2+ 40. Kg3 Rxb2 41. Rxh5 Ke5 42. Rh7 c5 43. h4 gxh3 44. gxh3 b5 45. Rc7 Rxa2 46. Rxc5+ Ke4 0-1

[Event "San Martin"]
[Site "San Martin"]
[Date "1993.??.??"]
[Round "11"]
[White "Spangenberg, Hugo"]
[Black "Krogius, Nikolai V"]
[Result "1/2-1/2"]
[WhiteElo "2535"]
[BlackElo "2465"]
[PlyCount "81"]
[EventDate "1993.05.??"]
[Source "ChessBase"]

1. e4 e5 2. Nc3 Nf6 3. f4 d5 4. fxe5 Nxe4 5. Nf3 Nc6 6. d3 Nxc3 7. bxc3 d4 8. Be2 dxc3 9. Be3 Be7 10. O-O Nb4 11. Bd4 Nd5 12. Qe1 O-O 13. Bd1 Be6 14. Bxc3 Nxc3 15. Qxc3 c5 16. a4 b6 17. Kh1 a6 18. Nd2 Qd4 19. Qxd4 cxd4 20. Rb1 Rab8 21. Nc4 b5 22. axb5 Rxb5 23. Ra1 a5 24. Nxa5 Ra8 25. Nb3 Rxa1 26. Nxa1 Bb4 27. Nb3 Bc3 28. Bf3 Rxe5 29. Nc1 g5 30. h3 Rc5 31. Nb3 Rb5 32. g4 Kg7 33. Kg2 f5 34. gxf5 Bxf5 35. Rf2 Re5 36. Nc1 Be1 37. Re2 Rxe2+ 38. Nxe2 Bc3 39. Bg4 Bg6 40. Ng3 Kf6 41. Ne4+ 1/2-1/2

[Event "Taca Brasilia CC 4th"]
[Site "Brasilia"]
[Date "2000.08.23"]
[Round "7"]
[White "Matsuura, Everaldo"]
[Black "Lima, Darcy"]
[Result "1-0"]
[WhiteElo "2443"]
[BlackElo "2525"]
[PlyCount "106"]
[EventDate "2000.08.17"]
[Source "ChessBase"]
[SourceDate "2000.09.14"]

1. e4 e5 2. Nc3 Nf6 3. f4 d5 4. fxe5 Nxe4 5. Nf3 Nc6 6. Bb5 Bc5 7. Qe2 Bf2+ 8. Kf1 Nxc3 9. Bxc6+ bxc6 10. Qxf2 Ne4 11. Qe3 O-O 12. d3 f5 13. g3 c5 14. Ke1 d4 15. Qf4 Bb7 16. Rf1 Qe8 17. Kd1 Rd8 18. g4 Qe6 19. Ng5 Nxg5 20. gxf5 Qd5 21. Qxg5 Qxe5 22. f6 Qxg5 23. Bxg5 gxf6 24. Bh6 Rfe8 25. Rg1+ Kf7 26. Rg7+ Ke6 27. Kd2 Kd6 28. Bf4+ Kc6 29. Rxc7+ Kb6 30. Rxh7 Rd5 31. Re1 Rxe1 32. Kxe1 Rf5 33. Bc7+ Ka6 34. h4 Bf3 35. Bb8 Bh5 36. Rxa7+ Kb6 37. Rh7 Bg4 38. Rg7 Bh5 39. Rh7 Bg4 40. c3 Kc6 41. cxd4 cxd4 42. Rg7 Bh5 43. a4 Rf3 44. Rg3 Rf5 45. b4 Kb7 46. Bd6 Kc6 47. Bc5 Rf4 48. a5 Rxh4 49. a6 Rh1+ 50. Kf2 Ra1 51. a7 Ra2+ 52. Kg1 Bf7 53. Rf3 Kb5 1-0

[Event "TCh-NOR"]
[Site "Asker"]
[Date "2003.05.28"]
[Round "1"]
[White "Lie, Kjetil A"]
[Black "Johannessen, Leif Erlend"]
[Result "1/2-1/2"]
[WhiteElo "2430"]
[BlackElo "2527"]
[PlyCount "111"]
[EventDate "2003.05.28"]
[Source "Roberto Alvarez"]
[SourceDate "2003.06.30"]

1. e4 e5 2. Nc3 Nf6 3. f4 d5 4. Nf3 dxe4 5. Nxe5 Bc5 6. Qe2 Qe7 7. g4 O-O 8. g5 Nfd7 9. Ng4 Nb6 10. Ne3 Nc6 11. Qg2 Re8 12. Bb5 a6 13. Bxc6 bxc6 14. h4 a5 15. h5 a4 16. g6 fxg6 17. h6 gxh6 18. Rxh6 Qg7 19. Rh1 Bf5 20. Ne2 Nd5 21. Nxf5 gxf5 22. Qh3 Qg6 23. Rh2 Kh8 24. b4 Bd4 25. Rg2 Qf6 26. c3 Bb6 27. Rb1 a3 28. c4 Nxb4 29. Rxb4 Bc5 30. Rb3 Rg8 31. Rxg8+ Kxg8 32. Bxa3 Rxa3 33. Rb8+ Kg7 34. Qg2+ Qg6 35. Qxg6+ Kxg6 36. Nc1 h5 37. Rc8 Bd6 38. Rg8+ Kh6 39. Rg5 Bxf4 40. Rxf5 Bg3+ 41. Ke2 h4 42. Nb3 Rxa2 43. Nc5 Rc2 44. Nxe4 Rxc4 45. Kf3 Bd6 46. Rf6+ Kg7 47. Nxd6 cxd6 48. Rxd6 c5 49. d3 Rc1 50. Kg4 Kf7 51. Kxh4 Ke7 52. Rd5 Ke6 53. Rd8 Rd1 54. Rc8 Kd5 55. Rd8+ Ke5 56. Kg4 1/2-1/2

[Event "Pamporovo"]
[Site "Pamporovo"]
[Date "1982.??.??"]
[Round "3"]
[White "Inkiov, Ventzislav"]
[Black "Tatai, Stefano"]
[Result "1/2-1/2"]
[WhiteElo "2495"]
[BlackElo "2440"]
[PlyCount "126"]
[EventDate "1982.03.??"]
[Source "ChessBase"]

1. e4 Nf6 2. Nc3 e5 3. f4 d5 4. exd5 e4 5. d3 Bb4 6. Bd2 e3 7. Bxe3 O-O 8. Bd2 Re8+ 9. Be2 Bxc3 10. bxc3 Nxd5 11. Nf3 Qf6 12. c4 Nxf4 13. Bxf4 Qxf4 14. Qd2 Qxd2+ 15. Kxd2 Nc6 16. Rab1 b6 17. Rhe1 Bb7 18. Bf1 h6 19. g3 Kf8 20. Bg2 Rxe1 21. Rxe1 Re8 22. Rf1 Nd8 23. Nh4 Bxg2 24. Nxg2 Re5 25. Ne3 Ne6 26. Rf5 Rxf5 27. Nxf5 h5 28. c3 g6 29. Nh4 Ke7 30. Ke3 g5 31. Nf3 f6 32. d4 Ng7 33. Ke4 Ne8 34. c5 c6 35. h4 g4 36. Ne1 bxc5 37. dxc5 Ng7 38. Nd3 Ne6 39. Kf5 Kf7 40. Nb4 Nxc5 41. Nxc6 Na4 42. Nxa7 Nxc3 43. Nc8 Nxa2 44. Nd6+ Kg7 45. Ne8+ Kh6 46. Kxf6 Nc3 47. Nd6 Nd5+ 48. Ke5 Nc3 49. Ne4 Nd1 50. Kf5 Ne3+ 51. Kf6 Nf1 52. Kf7 Kh7 53. Kf6 Kh6 54. Kf5 Ne3+ 55. Kf4 Nf1 56. Nd6 Kg6 57. Nc4 Kf6 58. Ne5 Kg7 59. Nd7 Kf7 60. Nc5 Kf6 61. Ne4+ Kg6 62. Ke5 Nh2 63. Nd6 Kg7 1/2-1/2

[Event "Corr"]
[Site "?"]
[Date "1998.01.05"]
[Round "?"]
[White "Stiefel Roland"]
[Black "Hoffmann Horst (GER)"]
[Result "1-0"]
[WhiteElo "2525"]
[BlackElo "2405"]
[PlyCount "109"]
[EventDate "1998.??.??"]
[Source "www.chesslib.no"]
[SourceDate "2004.05.04"]

1. Nc3 Nf6 2. e4 e5 3. f4 d5 4. fxe5 Nxe4 5. Nf3 Be7 6. d4 O-O 7. Bd3 f5 8. Qe2 Be6 9. O-O c5 10. Nxd5 Bxd5 11. c4 Bf7 12. d5 Bh5 13. Bxe4 fxe4 14. Qxe4 Bg6 15. Qg4 Bf5 16. Qg3 Qe8 17. Re1 Na6 18. a3 Qf7 19. Bg5 Bxg5 20. Qxg5 Rae8 21. Rad1 h6 22. Qg3 Qc7 23. Nh4 Nb8 24. e6 Qxg3 25. hxg3 Bg4 26. Nf3 Rf6 27. Rd3 Bf5 28. Rde3 Rc8 29. Nd2 Kf8 30. g4 Bg6 31. Nf3 Ke7 32. g5 hxg5 33. Ne5 Rh8 34. Rg3 Be8 35. Rxg5 Rh7 36. Nd3 b6 37. Nf2 Rfh6 38. Re3 g6 39. Ne4 Rh1+ 40. Kf2 Rd1 41. Kg3 Rd4 42. b3 a5 43. Kf4 Rh1 44. Ke5 Rf1 45. a4 Na6 46. d6+ Kf8 47. Rf3+ Rxf3 48. gxf3 Rd3 49. d7 Bxd7 50. exd7 Kf7 51. Nd6+ Ke7 52. Nc8+ Kxd7 53. Nxb6+ Ke8 54. Rxg6 Rxb3 55. Nd5 1-0

[Event "7th Rohde Open"]
[Site "Sautron FRA"]
[Date "2007.10.28"]
[Round "2"]
[White "Shirazi, K."]
[Black "Bojkov, D."]
[Result "1/2-1/2"]
[WhiteElo "2408"]
[BlackElo "2520"]
[PlyCount "80"]
[EventDate "2007.10.27"]
[Source "www.chesslib.no"]
[SourceDate "2004.05.04"]

1. e4 e5 2. Nc3 Nf6 3. f4 d5 4. exd5 exf4 5. Bb5+ c6 6. dxc6 bxc6 7. Bc4 Bd6 8. Qe2+ Kf8 9. d4 Nbd7 10. Nf3 Nb6 11. Ne5 Bxe5 12. dxe5 Bg4 13. Qf2 Nxc4 14. Qc5+ Qe7 15. Qxe7+ Kxe7 16. exf6+ Kxf6 17. O-O g5 18. Bxf4 Rhe8 19. b3 Nb6 20. Be3+ Kg6 21. Bd4 f5 22. h3 Be2 23. Rfe1 Ba6 24. Bxb6 axb6 25. Na4 Rad8 26. Nxb6 Rxe1+ 27. Rxe1 Rd2 28. g4 fxg4 29. hxg4 Be2 30. a4 Rxc2 31. a5 h5 32. gxh5+ Kxh5 33. Nc4 Ra2 34. Ne5 Bb5 35. Rc1 Rxa5 36. Kf2 g4 37. Kg3 Ra3 38. Rc3 c5 39. Rxc5 Rxb3+ 40. Nf3+ Kh6 1/2-1/2

[Event "Najdorf Festival op"]
[Site "Buenos Aires"]
[Date "1998.10.26"]
[Round "3"]
[White "Paglilla, Carlos"]
[Black "Blatny, Pavel"]
[Result "0-1"]
[WhiteElo "2400"]
[BlackElo "2520"]
[PlyCount "80"]
[EventDate "1998.10.??"]
[Source "ChessBase"]
[SourceDate "1999.01.01"]

1. e4 e5 2. Nc3 Nf6 3. f4 d5 4. exd5 Nxd5 5. Nxd5 Qxd5 6. fxe5 Qe4+ 7. Be2 Bg4 8. Kf1 Bxe2+ 9. Qxe2 Qxc2 10. d4 Qxe2+ 11. Kxe2 Nc6 12. Nf3 O-O-O 13. Rd1 Nb4 14. Bg5 Re8 15. Kf2 h6 16. Be3 Nd5 17. Bd2 Be7 18. Rac1 c6 19. Rb1 Rd8 20. b4 Nc7 21. a4 Rd5 22. Rdc1 a6 23. Rb3 Rhd8 24. Be3 Kb8 25. Rcb1 f5 26. Ke2 g5 27. Ne1 Ne6 28. Nc2 f4 29. Bf2 g4 30. Re1 h5 31. g3 c5 32. bxc5 Nxc5 33. dxc5 Rd2+ 34. Kf1 Rxc2 35. gxf4 Rdd2 36. Bg1 Rc4 37. Reb1 Rxf4+ 38. Ke1 Rg2 39. Rxb7+ Kc8 40. Be3 Bh4+ 0-1

[Event "1st GM"]
[Site "Kish"]
[Date "2003.12.14"]
[Round "2"]
[White "Mallahi, Amir"]
[Black "Guliev, Sarhan"]
[Result "1/2-1/2"]
[WhiteElo "2382"]
[BlackElo "2537"]
[PlyCount "93"]
[EventDate "2003.12.13"]
[Source "Roberto Alvarez"]
[SourceDate "2003.12.31"]

1. e4 e5 2. Nc3 Nf6 3. f4 d5 4. fxe5 Nxe4 5. Qe2 Nxc3 6. dxc3 Be7 7. Bf4 O-O 8. O-O-O c5 9. c4 d4 10. Nf3 Nc6 11. h4 Bf5 12. Ne1 Qd7 13. Qf2 f6 14. exf6 Bxf6 15. Bd3 Be5 16. g3 Rae8 17. Bxf5 Qxf5 18. Nd3 Bxf4+ 19. Qxf4 Qxf4+ 20. gxf4 b6 21. a3 a5 22. Rhe1 Kf7 23. Kd2 Kf6 24. h5 Rg8 25. Rb1 Kf5 26. Rg1 Kf6 27. b4 axb4 28. axb4 cxb4 29. Nxb4 Nxb4 30. Rxb4 Re6 31. Rgb1 Kf5 32. Rxb6 Re4 33. Rf1 Rxf4 34. Rb5+ Ke4 35. Rxf4+ Kxf4 36. Kd3 g5 37. hxg6 hxg6 38. Kxd4 g5 39. Rb1 Rd8+ 40. Kc3 Rc8 41. Rf1+ Ke4 42. Rg1 Kf4 43. Rf1+ Ke4 44. Rg1 Kf4 45. Kb4 Rb8+ 46. Kc3 Rc8 47. Rf1+ 1/2-1/2

[Event "BCF Ch"]
[Site "Norwich ENG"]
[Date "1994.??.??"]
[Round "9"]
[White "Turner, Matthew"]
[Black "Motwani, Paul"]
[Result "1/2-1/2"]
[WhiteElo "2395"]
[BlackElo "2520"]
[PlyCount "34"]
[EventDate "1994.08.??"]
[Source "www.chesslib.no"]
[SourceDate "2004.05.04"]

1. e4 e5 2. Nc3 Nf6 3. f4 d5 4. fxe5 Nxe4 5. Nf3 Nc6 6. Bb5 Be7 7. Qe2 Ng5 8. d4 Nxf3+ 9. Qxf3 O-O 10. Be3 Nb4 11. O-O-O c6 12. Be2 f6 13. Qg3 Bf5 14. Bh6 Bg6 15. h4 gxh6 16. h5 fxe5 17. hxg6 Bg5+ 1/2-1/2

[Event "WchJM-U20"]
[Site "WchJM-U20 Halle"]
[Date "1995.??.??"]
[Round "11"]
[White "Shulman, Yuri"]
[Black "Hellsten, Johan"]
[Result "1/2-1/2"]
[WhiteElo "2490"]
[BlackElo "2420"]
[PlyCount "57"]
[EventDate "1995.??.??"]
[Source "www.chesslib.no"]
[SourceDate "2004.05.04"]

1. e4 e5 2. Nc3 Nf6 3. f4 d5 4. fxe5 Nxe4 5. Nf3 Bf5 6. d4 Bb4 7. Bd2 c5 8. Bd3 Nxd2 9. Qxd2 Nc6 10. a3 Bxc3 11. bxc3 h6 12. O-O Be6 13. Bb5 Rc8 14. Qf2 O-O 15. Rab1 Qe7 16. dxc5 Nd8 17. Nd4 Qxc5 18. Bd3 a6 19. a4 Qb6 20. g4 Bf5 21. Rb3 Bxg4 22. Qf6 Rc4 23. e6 Nc6 24. Qf2 Rb8 25. Qg2 Bd1 26. Qf3 Rxc3 27. Rf2 Rxd3 28. Rb1 Rf8 29. Kg2 1/2-1/2

[Event "It (Men) Augsburg GER"]
[Site "?"]
[Date "2005.01.05"]
[Round "10"]
[White "Van der Weide Karel"]
[Black "Bromberger Stefan"]
[Result "0-1"]
[WhiteElo "2457"]
[BlackElo "2440"]
[PlyCount "84"]
[EventDate "2005.??.??"]
[Source "www.chesslib.no"]
[SourceDate "2004.05.04"]

1. e4 e5 2. Nc3 Nf6 3. f4 d5 4. fxe5 Nxe4 5. Nf3 Nc6 6. Bb5 Bg4 7. Qe2 Nc5 8. d4 Ne6 9. Be3 Be7 10. O-O-O O-O 11. Qf2 Bh5 12. Qg3 a6 13. Ba4 Na5 14. Bb3 Nxb3+ 15. axb3 a5 16. h4 c6 17. Qh3 b5 18. g4 Bg6 19. h5 Be4 20. Rhf1 Bxf3 21. Qxf3 a4 22. Kd2 Bb4 23. Ke2 Bxc3 24. bxc3 axb3 25. cxb3 Ra3 26. Rb1 Ra2+ 27. Kd3 b4 28. cxb4 Qb6 29. Rf2 Rxf2 30. Qxf2 Qxb4 31. Qd2 Qb5+ 32. Kc2 c5 33. Qd3 Qc6 34. dxc5 d4 35. Bd2 Qxc5+ 36. Kb2 Qxe5 37. Re1 Qd5 38. h6 Nc5 39. Qc2 Rb8 40. b4 d3 41. Qd1 Qd4+ 42. Bc3 Rxb4+ 0-1

[Event "JUG Team Ch"]
[Site "Cetinje"]
[Date "1993.??.??"]
[Round "?"]
[White "Djuric, Stefan"]
[Black "Sekulic, Dusan"]
[Result "0-1"]
[WhiteElo "2485"]
[BlackElo "2410"]
[PlyCount "124"]
[EventDate "1993.??.??"]
[Source "www.chesslib.no"]
[SourceDate "2004.05.04"]

1. e4 e5 2. Nc3 Nf6 3. f4 d5 4. fxe5 Nxe4 5. Nf3 Bb4 6. Qe2 Bxc3 7. dxc3 O-O 8. Bf4 c6 9. Qe3 Qb6 10. Qxb6 axb6 11. c4 dxc4 12. Bxc4 b5 13. Bd3 Nc5 14. Be2 Bf5 15. Nd4 Ne6 16. Nxe6 Bxe6 17. O-O Nd7 18. a3 Rfe8 19. Rad1 Ra4 20. Rd6 h6 21. h3 Rea8 22. c3 Nf8 23. Bh5 Re4 24. Bg3 g6 25. Bf3 Rea4 26. Bd1 Re4 27. Kf2 Rc4 28. Bh2 Rc8 29. Re1 Re8 30. Bc2 Rc5 31. Be4 Rc4 32. Bc2 Rc5 33. Bf4 g5 34. Bg3 Nd7 35. h4 Nb6 36. hxg5 hxg5 37. Rh1 Nc4 38. b4 Nxd6 39. bxc5 Nc4 40. Rh5 Nxa3 41. Rxg5+ Kf8 42. Bh7 Ke7 43. Bh4 Kd7 44. Rg7 Nc4 45. Bf6 Bd5 46. Bf5+ Kc7 47. Rg3 b6 48. cxb6+ Kxb6 49. Bd7 Ra8 50. Kg1 Ra1+ 51. Kh2 Re1 52. Rg5 Re2 53. Kh3 Ne3 54. Bd8+ Kc5 55. e6 fxe6 56. Bxe6 Nxg2 57. Be7+ Kc4 58. Rg4+ Kd3 59. Bxd5 cxd5 60. Bf6 Re6 61. Rd4+ Ke3 62. Bh8 Rh6+ 0-1

[Event "Tel Aviv ASA"]
[Site "Tel Aviv"]
[Date "1996.??.??"]
[Round "9"]
[White "Uritzky, Maxim"]
[Black "Kogan, Artur"]
[Result "1-0"]
[WhiteElo "2420"]
[BlackElo "2475"]
[PlyCount "115"]
[EventDate "1996.08.??"]
[Source "ChessBase"]

1. e4 e5 2. Nc3 Nf6 3. f4 d5 4. fxe5 Nxe4 5. Nf3 Bc5 6. Qe2 Bf2+ 7. Kd1 Nxc3+ 8. bxc3 Bc5 9. d4 Be7 10. Qf2 Bf5 11. Rb1 Qc8 12. Qg3 O-O 13. Bh6 Bg6 14. h4 Qf5 15. Bd3 Qh5 16. Bxg6 hxg6 17. Bg5 Bxg5 18. Qxg5 b6 19. g4 Qxg5 20. hxg5 Nc6 21. Ke2 Rfe8 22. Rh2 Kf8 23. Kd3 Ke7 24. c4 Rad8 25. c3 dxc4+ 26. Kxc4 Na5+ 27. Kd3 c5 28. Ke4 cxd4 29. cxd4 Rc8 30. d5 Nb7 31. Rd1 Rc3 32. Kf4 Nc5 33. Re2 Rd8 34. Nd4 Rh8 35. Nc6+ Ke8 36. e6 fxe6 37. Ke5 Kd7 38. Nxa7 Rhh3 39. dxe6+ Ke8 40. Kd6 Rce3 41. Rxe3 Rxe3 42. Nc6 Nxe6 43. Rd5 Re2 44. a3 Re3 45. Re5 Rxe5 46. Nxe5 Nd4 47. a4 b5 48. Kc5 Ne6+ 49. Kxb5 Nxg5 50. a5 Ne6 51. Kb6 Kd8 52. a6 Kc8 53. a7 Nc7 54. Kc6 g5 55. Nf7 g6 56. Nd6+ Kd8 57. Nb5 Na8 58. Kb7 1-0

[Event "Makarczyk mem"]
[Site "Lodz"]
[Date "1980.??.??"]
[Round "5"]
[White "Inkiov, Ventzislav"]
[Black "Rogulj, Branko"]
[Result "1-0"]
[WhiteElo "2435"]
[BlackElo "2460"]
[PlyCount "95"]
[EventDate "1980.04.??"]
[Source "ChessBase"]

1. e4 Nf6 2. Nc3 e5 3. f4 d5 4. exd5 exf4 5. d4 Nxd5 6. Nxd5 Qxd5 7. Bxf4 Bd6 8. Bxd6 Qxd6 9. Nf3 O-O 10. Qd2 Nc6 11. Be2 Bg4 12. O-O-O Rad8 13. c3 Rfe8 14. Kb1 Re7 15. Rde1 Rde8 16. Bd1 Bxf3 17. Bxf3 Ne5 18. Qd1 Nc4 19. Rxe7 Rxe7 20. Ka1 b5 21. Qd3 Qf4 22. Bd5 Re3 23. Qd1 Qf2 24. Qc1 Nd6 25. Rf1 Qe2 26. Bf3 Qd3 27. Rd1 Rxf3 28. Rxd3 Rxd3 29. Qe1 Ne4 30. a3 f5 31. Qe2 Rd2 32. Qxb5 g6 33. Qb8+ Kg7 34. Qxc7+ Kh6 35. Qf4+ Kg7 36. Qe5+ Kh6 37. g4 Kg5 38. gxf5 gxf5 39. Qg7+ Kf4 40. Qxh7 Rf2 41. d5 Ke5 42. Qd7 Nc5 43. Qc6 Nb3+ 44. Kb1 Nd2+ 45. Ka2 Ne4 46. d6 Rd2 47. d7 Nf6 48. Qc7+ 1-0

[Event "Manila ol (Men)"]
[Site "Manila PHI"]
[Date "1992.??.??"]
[Round "?"]
[White "Hector, Jonny"]
[Black "Kakageldyev, Amanmurad"]
[Result "1/2-1/2"]
[WhiteElo "2535"]
[BlackElo "2350"]
[PlyCount "44"]
[EventDate "1992.06.??"]
[Source "www.chesslib.no"]
[SourceDate "2004.05.04"]

1. e4 Nf6 2. Nc3 e5 3. f4 d5 4. fxe5 Nxe4 5. Nf3 Be7 6. Qe2 Ng5 7. d4 Nxf3+ 8. Qxf3 Nc6 9. Be3 Be6 10. Bd3 Qd7 11. a3 f6 12. exf6 Bxf6 13. Ne2 O-O 14. Qg3 Bf5 15. O-O-O Bxd3 16. Rxd3 Rae8 17. Rhd1 Ne7 18. Kb1 Nf5 19. Qh3 Rf7 20. Nc3 c6 21. Bf4 Nd6 22. Qxd7 Rxd7 1/2-1/2

[Event "IV Open"]
[Site "Dos Hermanas"]
[Date "2004.03.31"]
[Round "7"]
[White "Sanz Alonso, Francisco Javier"]
[Black "Campora, Daniel Hugo"]
[Result "1/2-1/2"]
[WhiteElo "2379"]
[BlackElo "2503"]
[PlyCount "42"]
[EventDate "2004.03.25"]
[Source "Roberto Alvarez"]
[SourceDate "2004.04.05"]

1. e4 e5 2. Nc3 Nf6 3. f4 d5 4. exd5 exf4 5. Nf3 Bd6 6. Bb5+ Bd7 7. Qe2+ Qe7 8. Qxe7+ Kxe7 9. Bc4 Bg4 10. O-O Bxf3 11. gxf3 Nbd7 12. d4 Nb6 13. Bb3 Kf8 14. Ne4 Nbxd5 15. c4 Ne3 16. Bxe3 fxe3 17. Nxd6 cxd6 18. Rfe1 Re8 19. Re2 g5 20. Rae1 Kg7 21. Rxe3 Rxe3 1/2-1/2

[Event "Linares Anibal op"]
[Site "Linares"]
[Date "1999.01.11"]
[Round "4"]
[White "Yegiazarian, Arsen"]
[Black "Estrada Nieto, Julian"]
[Result "1-0"]
[WhiteElo "2500"]
[BlackElo "2375"]
[PlyCount "75"]
[EventDate "1999.01.??"]
[Source "ChessBase"]
[SourceDate "1999.03.01"]

1. e4 e5 2. Nc3 Nf6 3. f4 d5 4. fxe5 Nxe4 5. Nf3 Nc6 6. Bb5 Be7 7. Qe2 Nc5 8. d4 Ne6 9. Be3 O-O 10. O-O a6 11. Ba4 Na5 12. Qf2 Nc4 13. Bb3 Nxe3 14. Qxe3 c6 15. Ne2 Ng5 16. c4 dxc4 17. Bxc4 Be6 18. b3 b5 19. Bd3 Rc8 20. Rad1 c5 21. d5 Bxd5 22. Bf5 Nxf3+ 23. gxf3 Rc7 24. Nc3 c4 25. Rxd5 Qxd5 26. Nxd5 Bc5 27. Nxc7 Bxe3+ 28. Kg2 Rd8 29. bxc4 Rd2+ 30. Kg3 bxc4 31. h4 Rxa2 32. Rb1 g6 33. Be4 Bd4 34. f4 Ra3+ 35. Kg4 Kg7 36. Ne8+ Kh6 37. Rb7 c3 38. Rxf7 1-0